Catálogo público

Introducción a la entomología / (Record no. 198909)

MARC details
000 -CABECERA
campo de control de longitud fija 00812nam a2200277Ia 4500
001 - NÚMERO DE CONTROL
campo de control Para_2002
003 - IDENTIFICADOR DEL NÚMERO DE CONTROL
campo de control CHAP
008 - DATOS DE LONGITUD FIJA--INFORMACIÓN GENERAL
campo de control de longitud fija 220125s1991 xx 000 0 und d
010 ## - NÚMERO DE CONTROL DE LA BIBLIOTECA DEL CONGRESO
Número de control de LC 198909
040 ## - FUENTE DE LA CATALOGACIÓN
Centro/agencia transcriptor CHAP
082 ## - NÚMERO DE LA CLASIFICACIÓN DECIMAL DEWEY
Número de clasificación PA 595.7 D38y 1991
100 ## - ENTRADA PRINCIPAL--NOMBRE DE PERSONA
Nombre de persona Davies, R.G.
9 (RLIN) 31227
245 ## - MENCIÓN DE TÍTULO
Título Introducción a la entomología /
Mención de responsabilidad, etc. por R.G. Davies; traducción Manuel Arroyo Varela, Elisa Viñuela Sandoval
260 ## - PUBLICACIÓN, DISTRIBUCIÓN, ETC.
Lugar de publicación, distribución, etc. Madrid, España :
Nombre del editor, distribuidor, etc. Mundi-Prensa
300 ## - DESCRIPCIÓN FÍSICA
Extensión 449 p.
500 ## - NOTA GENERAL
Nota general Trad. de : Outlines of entomology
650 ## - PUNTO DE ACCESO ADICIONAL DE MATERIA--TÉRMINO DE MATERIA
Término de materia o nombre geográfico como elemento de entrada Entomología
9 (RLIN) 37113
700 ## - PUNTO DE ACCESO ADICIONAL--NOMBRE DE PERSONA
Nombre de persona Viñuela Sandoval , Elisa
9 (RLIN) 164209
901 ## - ELEMENTOS DE DATOS A LOCAL LDA (RLIN)
a PA 595.7 D38Y 1991
902 ## - ELEMENTOS DE DATOS B LOCAL, LDB (RLIN)
a A
905 ## - ELEMENTOS DE DATOS E LOCAL, LDE (RLIN)
a 0000001991 a 0000000000 00
910 ## - DATOS DE OPCIÓN DEL USUARIO (OCLC)
Datos de opción del usuario 1991
942 ## - ELEMENTOS DE PUNTO DE ACCESO ADICIONAL (KOHA)
Tipo de ítem Koha Parasitologia_
942 ## - ELEMENTOS DE PUNTO DE ACCESO ADICIONAL (KOHA)
Tipo de ítem Koha Parasitologia_
-- 1
Holdings
Estado de retiro Estado de pérdida Fuente del sistema de clasificación o colocación Estado dañado Restricciones de uso No para préstamo Código de colección Localización permanente Ubicación/localización actual Fecha de adquisición Número de inventario Total de préstamos Renovaciones totales Signatura topográfica completa Código de barras Fecha visto por última vez Fecha del último préstamo Número de copia Precio válido a partir de Tipo de ítem Koha Nota pública
    Dewey Decimal Classification   Préstamo 3 días   General Parasitologia Agricola Parasitologia Agricola 27/10/2005 (PA_5495) (No. UACh167971) 6 5 PA 595.7 D38y 1991 4102000942 01/10/2025 29/09/2025 Ej.2 25/01/2022 Libro 3
    Dewey Decimal Classification   Préstamo interno   General Parasitologia Agricola Parasitologia Agricola 27/10/2005 (PA_7711) (No. UACh174896)     PA 595.7 D38y 1991 4102000941 25/01/2022   Ej.1 25/01/2022 Libro 3